00662nam a2200205Ia 4500003000900000008004100009020001800050040001600068080001200084245009000096260003500186300001300221650001800234650004100252650002200293700003100315942000700346999001500353952008800368IN-BaIIA211028s9999 xx 000 0 eng d a0-06-041446-4 cIIA Library a52bTHE 4aThe science of astronomycedited by John A.Woods  aNew YorkbHarper and Rowc1974 ax, 466p. aAstronomy980 aAstronomy and Astrophysics Thesaurus aAstrophysics9794 aWoods, John A., ed.910020 cBK c5789d5789 00104070aBANbBANcGENd1978-04-29l0o52/ THEp6474r2021-11-05w1978-04-29yBK